000 02085cam a22004214a 4500
999 _c50527
_d50527
001 15413523
005 20200220162159.0
008 080813s2009 iauab b 001 0 eng
010 _a 2008035480
020 _a9780813827186 (pbk. : alk. paper)
020 _a0813827183 (pbk. : alk. paper)
035 _a(OCoLC)ocn221152959
040 _aDNAL/DLC
_beng
_cDLC
_dBTCTA
_dBAKER
_dYDXCP
_dC#P
_dBWX
_dIXA
_dCOO
_dCDX
_dOCLCQ
_dLMR
_dDEBBG
_dOCL
_dDLC
041 _aeng
042 _apcc
050 0 0 _aQK641
_b.M33 2009
070 0 _aQK641
_b.M28 2009
080 _a581.1(075.8) M-12
082 0 0 _a571.2
_222
084 _aBIO 460f
_2stub
084 _aBIO 480f
_2stub
084 _aWM 3040
_2rvk
100 1 _aMacAdam, Jennifer W.
_97279
245 1 0 _aStructure and function of plants /
_cJennifer W. MacAdam.
250 _a1st ed.
264 _aAmes, Iowa :
_bWiley-Blackwell,
_c2009.
300 _axi, 287 p. :
_bill. (chiefly col.), maps ;
_c25 cm.
504 _aIncludes bibliographical references (p. 273-276) and index.
505 0 _aThe plant cell -- Plant meristems and tissues -- Plant roots -- Plant stems -- Plant leaves and translocation -- Reproduction in flowering plants -- Plant nutrition -- Plant-water relations -- Macromolecules and enzyme activity -- Photosynthesis -- Respiration -- Environmental regulation of plant development -- Hormonal regulation of plant development -- Secondary plant products.
650 0 _aPlant anatomy
_vTextbooks.
_97280
650 0 _aPlant physiology
_vTextbooks.
_97281
653 _aმცენარეების სტრუქტურა
653 _aმცენარეების ფუნქციონირება
856 4 1 _3Table of contents
_uhttp://bvbr.bib-bvb.de:8991/F?func=service&doc_library=BVB01&doc_number=017325364&line_number=0001&func_code=DB_RECORDS&service_type=MEDIA
906 _a7
_bcbc
_corignew
_d1
_eecip
_f20
_gy-gencatlg
942 _2udc
_cBK
955 _aDNAL
_aaa07 2008-08-19
_axh10 2009-03-18 CIP COPY TO DNAL
_axe07 2010-06-02 CIP COPY to USPL/STM
_axh00 2010-06-04 to USPL/STM